00460 2200193 4500001002100000005001500021035002000036245003500056100001500091250000600106856004500112260004100157082000800198084001400206600001000220990001200230990001200242990001200254INLIS00000000000173020250505103514 a0010-05250000221 aPesona Nusantara /cMuh. Saleh0 aMuh. Saleh a1 aRuang Baca Umum No Klas 800 ( Rak 3,4,5) aYogyakarta :bMita Gama Widya,c2000 a813 a813 MUH p 4aFiksi a00.0183 a00.0184 a00.0185